| 000 | 00695nam a22002057a 4500 | ||
|---|---|---|---|
| 008 | 130821s1995 enka gr eng | ||
| 020 | _a0262231816 | ||
| 040 |
_aCo-BoUCM _bspa |
||
| 041 | 0 | 0 | _aeng |
| 100 | 1 |
_aWeibull, Jörgen W. _9171154 |
|
| 245 | 1 | 0 |
_aEvolutionary game theory _cJörgen W. Weibull |
| 260 |
_aCambridge (Inglaterra) _bMIT Press _cc1995 |
||
| 300 |
_axv, 265 páginas _bilustraciones |
||
| 504 | _aIncluye referencias bibliográficas e índice. | ||
| 650 | 0 | 4 |
_aEvolución _vModelos matemáticos _915359 |
| 650 | 0 | 4 |
_aMatemáticas _919031 |
| 650 | 0 | 4 |
_aTeoría de los juegos _925291 |
| 942 |
_a25 _e1 _kR _mW415e _cLIBRO _2DEWEY _h519.3 |
||
| 999 |
_c88787 _d88787 |
||